Sea-wall at Buffalo, New York. Letter from the Secretary of War, in answer to a resolution of the House of 21st instant, transmitting copies of the report with reference to the sea-wall at Buffalo, New York, by Colonel J. D. Graham, United States engineer.

Bibliographic Details
Corporate Authors: United States. War Department, ProQuest (Firm)
Format: eBook
Language:English
Published: Washington : [publisher not identified], 1864.
Series:United States congressional serial set.
Subjects:
Online Access:Connect to the full text of this electronic book

MARC

Tag First Indicator Second Indicator Subfields
LEADER 00000cam a22000001a 4500
001 in00002896310
005 20190401170818.0
006 m o d
007 cr un mmmapmmp
008 061201s1864 dcuad o f000 0 eng d
035 |a cis2004031003 
040 |a UMI  |c UMI  |d UtOrBLW 
043 |a n-us--- 
099 |a ProQuest Serial Set Number 1195 H.exdoc.79 
110 1 |a United States.  |b War Department. 
245 1 0 |a Sea-wall at Buffalo, New York. Letter from the Secretary of War, in answer to a resolution of the House of 21st instant, transmitting copies of the report with reference to the sea-wall at Buffalo, New York, by Colonel J. D. Graham, United States engineer. 
246 1 |a Answer to resolution of House on sea-wall at Buffalo, New York 
264 1 |a Washington :  |b [publisher not identified],  |c 1864. 
300 |a 1 online resource. 
336 |a text  |b txt  |2 rdacontent 
337 |a computer  |b c  |2 rdamedia 
338 |a online resource  |b cr  |2 rdacarrier 
490 0 |a H.exdoc.79 
500 |a Includes illustrations. 
500 |a Record is based on bibliographic data in ProQuest U.S. Serial Set Digital Collection (last viewed Dec. 2006). Reuse except for individual research requires license from ProQuest, LLC. 
510 3 |a ProQuest U.S. Serial Set Digital Collection 
500 |a Electronic resource. 
610 1 0 |a United States.  |b Congress.  |b House. 
650 0 |a Embankments. 
651 0 |a Buffalo (N.Y.) 
655 7 |a Electronic books.  |2 local 
710 2 |a ProQuest (Firm) 
830 0 |a United States congressional serial set. 
856 4 0 |u http://proxy.library.tamu.edu/login?url=http://congressional.proquest.com/congcomp/getdoc?SERIAL-SET-ID=1195+H.exdoc.79  |z Connect to the full text of this electronic book  |t 0 
999 |a MARS 
999 f f |s 3ce12181-15e8-30d6-aaf8-8d40998ee58f  |i 12653eed-9766-30ab-a181-4ac5be273be4  |t 0 
952 f f |a Texas A&M University  |b College Station  |c Electronic Resources  |d Available Online  |t 0  |e ProQuest Serial Set Number 1195 H.exdoc.79  |h Other scheme 
998 f f |a ProQuest Serial Set Number 1195 H.exdoc.79  |t 0  |l Available Online